00177nam a2200073Ia 4500008004100000100001500041245002200056260002500078170817s9999 xx 000 0 und d asharma.R.K 0aTulnatmak Shiksha bRadha Prakashan Agra